[Event "Imperia Corallo op-C 1st"]
[Site "Imperia"]
[Date "2006.11.24"]
[Round "1.2"]
[White "Salustri, Aurora"]
[Black "De Bonis, Alberto"]
[Result "1-0"]
[WhiteElo "1407"]
[BlackElo "1389"]
[PlyCount "59"]
[EventDate "2006.11.24"]
[EventType "swiss"]
[EventRounds "5"]
[EventCountry "ITA"]
[SourceTitle "EXT 2024"]
[Source "ChessBase"]
[SourceDate "2023.10.10"]
[SourceVersion "1"]
[SourceVersionDate "2023.10.10"]
[SourceQuality "1"]

1. d4 d5 2. Bf4 Bf5 3. e3 e6 4. Nf3 Nc6 5. Bd3 Bb4+ 6. c3 Bf8 7. 0-0 Qd7 8. Nbd2 Na5 9. b4 Nc6 10. Qe2 0-0-0 11. e4 Re8 12. exf5 Be7 13. Ne5 Nb8 14. Nxd7 Kxd7 15. fxe6+ fxe6 16. Nf3 Na6 17. Ng5 b6 18. Nf7 Nh6 19. Nxh8 Rxh8 20. Bxa6 Rb8 21. c4 dxc4 22. Bxc4 Bxb4 23. Bxe6+ Kd8 24. Bg5+ Ke8 25. Bf5+ Kf8 26. Bxh7 c6 27. Rab1 a6 28. Rxb4 Rc8 29. Rxb6 Nf7 30. Qe7# 1-0